Loading...
| Literature - European | 0 | 7 | 1 | 0 | 65 | 24 | 56.43 | 2 | 3 | 0.00 | 0.00 |
| Literature - American | 0 | 5 | 0 | 1 | 50 | 26 | 86.80 | 0 | 2 | 0.00 | 0.00 |
| Fine Arts - Painting and Sculpture | 0 | 5 | 0 | 0 | 50 | 28 | 79.20 | 1 | 2 | 0.00 | 0.00 |
| Mythology | 0 | 4 | 0 | 0 | 40 | 60 | 79.75 | 0 | 1 | 0.00 | 0.00 |
| Fine Arts - Classical Music | 0 | 3 | 0 | 1 | 30 | 49 | 94.00 | 1 | 1 | 0.00 | 0.00 |
| Literature - British | 0 | 3 | 0 | 0 | 30 | 85 | 98.67 | 0 | 0 | 0.00 | 0.00 |
| Literature - World | 0 | 3 | 2 | 0 | 20 | 49 | 68.00 | 0 | 1 | 0.00 | 0.00 |
| Fine Arts - Other | 0 | 2 | 1 | 1 | 15 | 99 | 109.00 | 0 | 0 | 0.00 | 0.00 |
| History - European | 0 | 1 | 1 | 0 | 5 | 121 | 121.00 | 0 | 0 | 0.00 | 0.00 |
| Philosophy | 0 | 1 | 1 | 0 | 5 | 110 | 110.00 | 0 | 0 | 0.00 | 0.00 |
| Science - Other | 0 | 1 | 1 | 1 | 5 | 110 | 110.00 | 0 | 0 | 0.00 | 0.00 |
| Science - Physics | 0 | 0 | 0 | 0 | 0 | 0.00 | 0 | 0 | 0.00 | 0.00 |